| 000 | 00711nam a2200205 i 4500 | ||
|---|---|---|---|
| 001 | 12050 | ||
| 003 | ES-MaACL | ||
| 005 | 20230906150229.0 | ||
| 007 | t| | ||
| 008 | 970205s1996 sp ||||1| spa d | ||
| 020 | _a84-7903-222-7 | ||
| 080 | _a616.2-076.5 | ||
| 100 | 1 |
_aFariña González, Juliana. _948866 |
|
| 245 | 1 | 0 |
_aCitopatología respiratoria y pleural / _cJuliana Fariña González, Julio Rodríguez Costa. |
| 260 |
_aMadrid : _bEditorial Médica Panamericana, _c1996. |
||
| 300 |
_aVI, 192 p. : _bil. ; _c28 cm. |
||
| 650 | 1 | 4 |
_aAparato respiratorio- _xCitodiagnóstico. _99911 |
| 700 | 1 |
_aRodríguez Costa, Julio. _998427 |
|
| 852 |
_aES-MaACL _jL-19288 _bR.125491 _q. - Ded. autógr. de la autora |
||
| 999 |
_c12050 _d12050 |
||